Quản trị rủi ro tài chính : Lý thuyết, bài tập và bài giải
Trình bày 2 phần: Phần 1: Căn bản về rủi ro tài chính và công cụ phái sinh; Phần 2: Định giá và quyết định đầu tư.
Salvato in:
| Autore principale: | |
|---|---|
| Natura: | Libro |
| Lingua: | Undetermined |
| Pubblicazione: |
Hà Nội
Tài chính
2014
|
| Soggetti: | |
| Tags: |
Aggiungi Tag
Nessun Tag, puoi essere il primo ad aggiungerne! !
|
| Thư viện lưu trữ: | Trung tâm Học liệu Trường Đại học Cần Thơ |
|---|
| LEADER | 00844nam a2200205Ia 4500 | ||
|---|---|---|---|
| 001 | CTU_228472 | ||
| 008 | 210402s9999 xx 000 0 und d | ||
| 082 | |a 658.15 | ||
| 082 | |b K309 | ||
| 100 | |a Nguyễn, Minh Kiều | ||
| 245 | 0 | |a Quản trị rủi ro tài chính : | |
| 245 | 0 | |b Lý thuyết, bài tập và bài giải | |
| 245 | 0 | |c Nguyễn Minh Kiều | |
| 260 | |a Hà Nội | ||
| 260 | |b Tài chính | ||
| 260 | |c 2014 | ||
| 520 | |a Trình bày 2 phần: Phần 1: Căn bản về rủi ro tài chính và công cụ phái sinh; Phần 2: Định giá và quyết định đầu tư. | ||
| 650 | |a Risk management,Financial risk management,Quản trị rủi ro,Quản trị rủi ro tài chính | ||
| 904 | |i Phương | ||
| 980 | |a Trung tâm Học liệu Trường Đại học Cần Thơ | ||